Ágazati kapcsolatok mérlege 1986, szervezeti elhatárolás. Matematikai feldolgozása

Na minha lista:
Detalhes bibliográficos
Formato: Livro
Idioma:húngaro
Publicado em: Budapest Központi Statisztikai Hivatal 1991
Edição:1. kiadás.
Tags: Adicionar Tag
Sem tags, seja o primeiro a adicionar uma tag!

MARC

LEADER 00000nam a2200000 4500
001 c035712
005 20250703072326.1
041 0 |a hun 
044 |a HU 
245 1 0 |a Ágazati kapcsolatok mérlege  |b 1986, szervezeti elhatárolás. Matematikai feldolgozása 
250 |a 1. kiadás. 
264 1 |a Budapest  |b Központi Statisztikai Hivatal  |c 1991 
300 |a 73 s.